| 000 | 00688nam a2200253Ia 4500 | ||
|---|---|---|---|
| 008 | 190123s9999 xx 000 0 und d | ||
| 020 | _a043940911x | ||
| 050 | _bB747 2001 | ||
| 100 | _aWeatherford, Carole Boston | ||
| 245 | 0 | _aSidewalk chalk : | |
| 245 | 0 | _bpoems of the city / | |
| 245 | 0 | _cby Carole Boston Weatherford ; illustrated by Dimitrea Tokunbo. | |
| 260 | _aNew York, New York : | ||
| 260 | _bScholastic, | ||
| 260 | _c2001 | ||
| 300 | _a32 pages : | ||
| 300 | _bcolored illustrations ; | ||
| 300 | _c25cm. | ||
| 500 | _a920L | ||
| 650 | _aChildren's poetry, American. | ||
| 650 | _aCities and towns. | ||
| 700 | _aTitle. | ||
| 700 | _aTokunbo, Dimitrea. | ||
| 999 |
_c361103 _d361103 |
||